Powiaty w województwie mazowieckim - Statystyki

Ogólne statystyki
  • Ten quiz został rozwiązany 105 razy
  • Średni wynik to 25 z 42
Odpowiedzi na mapie
Odpowiedzi zakodowano w zielono-czerwonej skali na mapie do tego quizu, zgodnie z poniższymi procentami.
 
Statystyki odpowiedzi
Odpowiedź % Poprawnych
Warszawa
94%
Radom
86%
Płock
84%
siedlecki
84%
Siedlce
83%
radomski
79%
płocki
76%
ostrołęcki
73%
Ostrołęka
73%
legionowski
71%
pruszkowski
71%
wołomiński
70%
miński
69%
garwoliński
64%
ciechanowski
63%
otwocki
63%
piaseczyński
60%
żyrardowski
59%
płoński
57%
grójecki
56%
mławski
54%
nowodworski
54%
pułtuski
54%
kozienicki
50%
makowski
50%
ostrowski
50%
sochaczewski
50%
warszawski zachodni
50%
wyszkowski
50%
białobrzeski
47%
grodziski
47%
przysuski
47%
żuromiński
46%
sokołowski
44%
węgrowski
44%
przasnyski
43%
sierpecki
43%
gostyniński
41%
lipski
41%
łosicki
41%
zwoleński
40%
szydłowiecki
39%
Nie znaleziono quizów pasujących do podanych kryteriów
Rozkład punktacji
Procent ludzi z każdym wynikiem
Percentyl według liczby udzielonych odpowiedzi
Twoja historia wyników
Nie rozwiązałeś tego quizu